000 00527nam a2200145 4500
999 _c14526
_d14526
008 191002b ||||| |||| 00| 0 eng d
022 _a01559982
082 _aDPer 657.05 Ac172 Mar 2012-Sept 2015 v. 36-39.
100 _940141
_aBowman, Andrew.
245 _aAn illusion of success:
_bthe consequences of British rail privatisation/
_cAndrew Bowman.
260 _aAmsterdam:
_bElsevier Ltd,
_c©Mar 2012-Sept 2015.
300 _av39 i1, pages 51-63:
_billustrations;
_c27 cm.
650 _aAccounting.
_941756
942 _2ddc
_cPER